| 000 | 01267nam a22003257a 4500 | ||
|---|---|---|---|
| 005 | 20111117110546.0 | ||
| 008 | 111117t xxu||||| |||| 00| 0 eng d | ||
| 010 | _aENG-104129 | ||
| 020 |
_a9781259002984 _c495.00 |
||
| 020 |
_a12359002985 _c495.00 |
||
| 035 | _aEN-87662 | ||
| 037 | _bDBAD/PUB | ||
| 040 |
_aDPL _bEng |
||
| 082 | 0 | 0 |
_a332.1092 _222 |
| 100 | 1 |
_aRhodes, William R. _935881 |
|
| 245 | 1 | 0 |
_aBanker to the world : _bleadership lessons from the front lines of global finance / _cby William Rhodes |
| 260 |
_aNew Delhi _bTata McGraw-Hill _cc2011 |
||
| 270 |
_a7 West Patel Nagar _bNew Delhi _e110008 |
||
| 300 |
_axxxiii, 249 p. _c24cm (pbk) |
||
| 500 | _aIncludes bibliographical references (p. 231-232) and index. | ||
| 600 | 1 | 0 |
_aRhodes, William R. _935882 |
| 650 | 0 |
_aBankers _zUnited States _vBiography. _935883 |
|
| 650 | 0 |
_aBanks and banking, International. _935884 |
|
| 650 | 0 |
_aInternational finance. _935885 |
|
| 650 | 0 |
_aLeadership. _935886 |
|
| 650 | 0 |
_aDecision making. _935887 |
|
| 942 |
_2ddc _cEN _h332.1092 _mRHO |
||
| 999 |
_c58460 _d58460 |
||